• 首页
  • 本馆介绍
  • 公告通知
  • 最新文献
  • 馆藏检索
  • 电子资源
  • 读者导购
  • 参考咨询
  • 我的图书馆
  • 登录
  • 详细信息显示
  • 放入我的书架
  • 预约/预借图书
  • 作者相关作品
  • 分类相关作品
  • 丛书相关作品
  • 出版社相关作品

书目信息

  • 表格格式
  • 工作单格式
  • 卡片格式
题名:
农牧交错带农牧业可持续发展技术
    
 
作者: 韩建国 编著
分册:  
出版信息: 北京   化学工业出版社  2004
页数: 295页
开本: 24cm
丛书名: 草业与生态环境建设丛书
单 册:
中图分类: F323.4
科图分类:
主题词: 农业综合发展--可持续性发展--研究--中国 , 农业综合发展 , 可持续性发展
电子资源:
ISBN: 7-5025-5323-1
000 01055oam2 2200277 450
001 002653438
005 20070805081631.45
010    @a7-5025-5323-1@dCNY30.00
100    @a20040528d2004 em y0chiy0110 ea
101 0  @achi
102    @aCN@b110000
105    @aa z 000yy
106    @ar
200 1  @a农牧交错带农牧业可持续发展技术@Anong mu jiao cuo dai nong mu ye ke chi xu fa zhan ji shu@f韩建国等编著@Fhan jian guo deng bian zhu
210    @a北京@c化学工业出版社@d2004
215    @a295页@c图@d24cm
225 2  @a草业与生态环境建设丛书@Acao ye yu sheng tai huan jing jian she cong shu
330    @a本书介绍了我国农牧交错带的形成、变迁和基本特征,生态系统受损机理、农牧系统耦合效应,农牧业生产现状、产业优化模式、农牧业发展战略,以及各种技术措施。
461  0 @1001002628311@12001 @a草业与生态环境建设丛书
606 0  @a农业综合发展@x可持续性发展@x研究@y中国
606 0  @a农业综合发展
606 0  @a可持续性发展
690    @aF323.4@v4
701  0 @a韩建国@Ahan jian guo@c(农学)@4编著
801  0 @aCN@bNLC@c20070805
905    @dF323.4@e93@f6
    
    农牧交错带农牧业可持续发展技术/韩建国等编著.-北京:化学工业出版社,2004
    295页:图;24cm.-(草业与生态环境建设丛书)
    
    
    ISBN 7-5025-5323-1:CNY30.00
    本书介绍了我国农牧交错带的形成、变迁和基本特征,生态系统受损机理、农牧系统耦合效应,农牧业生产现状、产业优化模式、农牧业发展战略,以及各种技术措施。
●
相关链接 在E读中查询图书 在五车中查询图书 在当当中查询图书 在豆瓣中查询图书


正题名:农牧交错带农牧业可持续发展技术     索取号:F323.4/93         预约/预借

序号 登录号 条形码 馆藏地/架位号 状态 备注
1 0850954   208509540   第一样本阅览室/ [索取号:F323.4/93] 在馆    
2 0850955   208509559   第一借阅区/ [索取号:F323.4/93] 在馆    
3 0850956   208509568   第一借阅区/ [索取号:F323.4/93] 在馆    
唐山师范学院图书馆 欢迎您!
大连网信软件有限公司© 版权所有